Sistematización de los ritos usados en las ceremonias populares (Record no. 47850)
[ view plain ]
| 000 -LEADER | |
|---|---|
| campo de control de longitud fija | 01114nam a2200241 i 4500 |
| 001 - NÚMERO DE CONTROL | |
| campo de control | 47850 |
| 003 - IDENTIFICADOR DE NÚMERO DE CONTROL | |
| campo de control | ES-MaACL |
| 005 - FECHA Y HORA DE LA ÚLTIMA TRANSACCIÓN | |
| campo de control | 20251014063113.0 |
| 007 - CAMPO FIJO DE DESCRIPCIÓN FÍSICA--INFORMACIÓN GENERAL | |
| campo de control de longitud fija | t| |
| 008 - DATOS DE LONGITUD FIJA--INFORMACIÓN GENERAL | |
| campo de control de longitud fija | 030603s1919 sp |||| | spa d |
| 080 ## - NÚMERO DE LA CLASIFICACIÓN DECIMAL UNIVERSAL | |
| Número de la Clasificación Decimal Universal | 39 |
| 100 1# - ENTRADA PRINCIPAL--NOMBRE DE PERSONA | |
| Nombre de persona | Frankowski, Eugeniusz, |
| Fechas asociadas al nombre | 1884-1962 |
| 9 (RLIN) | 52338 |
| 245 10 - MENCIÓN DEL TÍTULO | |
| Título | Sistematización de los ritos usados en las ceremonias populares |
| Resto del título | : conferencia... / |
| Mención de responsabilidad, etc. | Eugeniusz Frankowski. |
| 260 ## - PUBLICACIÓN, DISTRIBUCIÓN, ETC. | |
| Lugar de publicación, distribución, etc. | San Sebastián : |
| Nombre del editor, distribuidor, etc. | Vda. de Z. Leizaola, |
| Fecha de publicación, distribución, etc. | [1919] |
| 300 ## - DESCRIPCIÓN FÍSICA | |
| Extensión | V, 22 p. ; |
| Dimensiones | 21 cm. |
| 500 ## - NOTA GENERAL | |
| Nota general | Precede al tít.: Eusko-Ikaskuntza. Sociedad de Estudios Vascos. |
| 500 ## - NOTA GENERAL | |
| Nota general | En port.: Conferencia pronunciada en el Salón de la Filarmónica de Bilbao, el día 13 de diciembre de 1919, en la inauguración de los cursos de metodología y alta cultura organizados por la Sociedad de Estudios Vascos y repetida el 17 de marzo de 1920, en el Ateneo de Madrid. |
| 610 24 - PUNTO DE ACCESO ADICIONAL DE MATERIA--NOMBRE DE ENTIDAD CORPORATIVA | |
| Nombre de entidad corporativa o nombre de jurisdicción como elemento de entrada | Ateneo de Madrid- |
| Subdivisión de forma | Conferencias- |
| Subdivisión cronológica | 1900-1939 |
| 9 (RLIN) | 1907 |
| 650 17 - PUNTO DE ACCESO ADICIONAL DE MATERIA--TÉRMINO DE MATERIA | |
| Término de materia o nombre geográfico como elemento de entrada | Ritos y ceremonias |
| Fuente del encabezamiento o término | embne |
| 9 (RLIN) | 16917 |
| 710 2# - ENTRADA AGREGADA--NOMBRE DE ENTIDAD CORPORATIVA | |
| Nombre de entidad corporativa o nombre de jurisdicción como elemento de entrada | Sociedad de Estudios Vascos. |
| 9 (RLIN) | 6671 |
| 852 ## - LOCALIZACIÓN | |
| Ubicación | ES-MaACL |
| Número de control de estantería | 1598-F-10 |
| Estatus retirado | Estado de pérdida | Estado de daño | No para préstamo | Colección | Biblioteca de origen | Biblioteca actual | Ubicación en estantería | Fecha de adquisición | Fuente de adquisición | Total de préstamos | Signatura topográfica completa | Código de barras | Visto por última vez | Precio de reemplazo | Tipo de ítem Koha |
|---|---|---|---|---|---|---|---|---|---|---|---|---|---|---|---|
| Colección de folletos | Biblioteca del Ateneo de Madrid | Biblioteca del Ateneo de Madrid | Depósito folletos | 17/01/2008 | 1598-F-10 | 1050354 | 23/02/2023 | 23/02/2023 | Folleto |
